000 00718nam a2200193Ia 4500
003 LDD
008 190117s9999 xx 000 0 und d
020 _a978889868185
_c₹150
040 _cLDD
041 _ahi
082 _a8B3.6 गु5142अ
100 _aगुप्त, नगेन्द्र नाथ
245 0 _aअमर सिंह
_b सिपाही विद्रोह मूलक उपन्यास
_cनगेन्द्र नाथ गुप्त
260 _aमुंबई
_bसंवाद प्रकाशन
_c2008
300 _a110पृ.
901 _aHBC
904 _aReqst by : J.M. Parekh
942 _2ddc
_cH
999 _c157337
_d157337